Sanat - "Matkalla" Ellinoora (Vain elämää) - Statistics

Yleistilastot
  • Tätä visaa on pelattu 146 kertaa
  • Keskiarvotulos 221 / 284
Vastaustilastot
Vastaus % Oikein
matkalla
95%
en
94%
94%
minne
92%
olin
92%
perille
92%
saa
92%
sua
92%
Jos
90%
jos
90%
pois
90%
koskaan
89%
enää
88%
ja
88%
mun
88%
ajatuksistani
86%
tie
86%
tää
84%
muista
83%
on
82%
viekö
82%
tiedä
81%
mut
80%
nyt
80%
oon
77%
Istun
76%
mennä
76%
takapenkillä
76%
taksin
76%
mihin
75%
piti
75%
mentaliteetti
73%
myöhässä
73%
identiteettii
72%
sieltä
72%
suojaa
72%
et
71%
Ristiriitainen
71%
ei
70%
elossa
70%
se
70%
muurit
69%
yksinäisyys
69%
ennen
67%
päivittäin
67%
pelossa
67%
pelotti
67%
kiittää
66%
täytyis
66%
koneeni
65%
pilotti
65%
pääni
64%
minä
61%
lapsia
60%
maan
60%
matkustan
60%
ympäri
60%
ees
59%
töitä
59%
voittamaan
59%
kaverit
58%
koittamaan
58%
turha
58%
hankala
57%
hyvä
57%
öitä
57%
paluupäivää
57%
tekemään
57%
tulla
57%
tunteita
57%
aihe
55%
juhlimaan
55%
kun
55%
oteta
55%
pakkaan
55%
saikkuu
55%
terveyttä
55%
vähän
55%
alallani
54%
asti
54%
eri
54%
hautaan
54%
ihmisenä
54%
kokemusasiantuntija
54%
laukkuun
54%
laulavan
54%
mehän
54%
miks
54%
synnyttiin
54%
hienoon
53%
kompromissia
53%
lipussani
53%
palaat
53%
surun
53%
vaihe
53%
vaikea
53%
aio
52%
antaa
52%
kellekkään
52%
kerro
52%
kysyt
52%
neuvoja
52%
niin
52%
osaa
52%
tästä
52%
turruttamaan
52%
laulun
51%
tehä
51%
yhtäkään
51%
menemään
49%
mulle
49%
pistän
49%
tän
49%
vastaa
49%
menestyksestä
48%
nään
48%
viesteihinkään
48%
juopua
47%
luopua
47%
lähteä
46%
päätät
46%
että
45%
kuinka
39%
uhrata
37%
pitäkään
13%
Ehtoja vastaavia visoja ei löytynyt
Tulosjakauma
Jokaisen tuloksen saaneiden osuus
Persentiili vastausten määrän mukaan
Tuloshistoriasi
Et ole pelannut tätä visaa